Bumi kita

Bibliographic Details
Main Author: Lim Teh Eng
Format: Book
Published: Petaling Jaya : Penerbit Prisma Sdn. Bhd. , 1992
Series:Siri Tahukah Anda ?
Subjects:

MARC

LEADER 00000cam a2200000 7i4500
001 0000007811
002 000008381
005 .0
020 |a 9839665391 
090 0 0 |a J 372.6   |b LIM 
100 0 |a Lim Teh Eng 
245 1 0 |a Bumi kita   |c Lim Teh Eng 
260 |a Petaling Jaya :   |b Penerbit Prisma Sdn. Bhd. ,   |c 1992 
300 |a 69 p. ;   |c 23 cm. 
490 0 |a Siri Tahukah Anda ? 
650 0 0 |a Knowledge   |x Encyclopedia   |x Juvenile literature 
999 |a 052979   |b BUKU   |c PINJAMAN   |e PERPUSTAKAAN KOMUNITI PETALING JAYA